Puerto Rico multiple choice quiz - Statistics

General Stats
  • This quiz has been taken 47 times
    46 since last reset
  • The average score is 7 of 20
Answer Stats
Question Answer % Correct
Before being a United States territory, Puerto Rico was a territory of which other country? Spain
100%
Which city is the second largest in Puerto Rico Ponce
58%
Which airlines are Puerto Rican? All of the above
50%
Who was the first woman governor of Puerto Rico? Sila Maria Calderon
46%
Roberto Clemente of Carolina, Puerto Rico, is considered one of the best basreball players in the sport's history, In which Latin country outside Puerto Rico, does he have something named after him? Nicaragua
42%
Luz Nereida Velez is a famous Puerto Rican former television reporter. At what channel did she work? Canal 4
38%
What Puerto Rican boy band did famous singer Chayanne belong to as a kid? Los Chicos
38%
Who became the first gold medalist for Puerto Rico at an Olympics games? MonicaPuig
38%
Which of these famous female entertainers is Puerto Rican? Number 2 and three
38%
What party did governor Rafael Hernandez Colon belong to? Popular Democratic Party
38%
In 2024, the Puerto Rican independence party came in second place during Puerto Rico's general elections. When was the other tme they came in second place at a Puerto Rican general election? 1952
35%
Which river is located in Bayamon? Rio Hondo
35%
Which Puerto Rican Pre-Hispanic native had a famous entertainment award named after him? Ageybana II
31%
San Juan has the largest airport in Puerto Rico.. But San Juan's Luis Munoz Marin International Airport is not the only airport in Puerto Rico served by an Asian airline, as kit lacks airline service from Asia. Which other airport in Puerto Rico has that honor? Rafael Hernandez Airport in Aguadilla
31%
Where is El Canton mall at? Bayamon
27%
Where are the mountains known as "Las Tetas de Cayey" located at? Salinas
23%
Which Puerto Rican boxer was the first one to become a three division world champion? Wilfredo Benitez
23%
Another famous television news reporter, Rafael Bracero, was a sports journalist. Which sport does he consider to be his favorite sport? Boxing
19%
What city in Puerto Rico was visited by Simon Bolivar? Vieques
15%
Which boy band was formed at Bonneville Apartments in Caguas, Puerto Rico? Corporation SOS
8%
No matching quizzes found
Score Distribution
Percent of People with Each Score
Percentile by Number Answered
Your Score History
You have not taken this quiz since the last reset